In with the new (Record no. 84605)

MARC details
000 -LEADER
fixed length control field 00817cab a22001935 4500
001 - CONTROL NUMBER
control field L158474
008 - FIXED-LENGTH DATA ELEMENTS--GENERAL INFORMATION
fixed length control field 150313e20150214xxk 000 0 eng d
035 ## - SYSTEM CONTROL NUMBER
System control number (Sirsi) u158474
041 0# - LANGUAGE CODE
Language code of text/sound track or separate title eng
100 1# - MAIN ENTRY--PERSONAL NAME
Personal name Wehner, Piers
245 00 - TITLE STATEMENT
Title In with the new
490 ## - SERIES STATEMENT
Series statement Estates Gazette
Volume/sequential designation (1506) 14 February 2015, 64-66(3)
520 ## - SUMMARY, ETC.
Summary, etc. Advises that office fit-out sustainability can be improved through better design, recycling and other practices. Includes tips on how to achieve carbon neutrality such as installing skylights which avoid the need for artificial lighting and using natural air circulation which minimises the need for mechanical systems thereby reducing energy demand.
590 ## - LOCAL NOTE (RLIN)
Local note KA
651 #4 - SUBJECT ADDED ENTRY--GEOGRAPHIC NAME
Geographic name United Kingdom
690 ## - LOCAL SUBJECT ADDED ENTRY--TOPICAL TERM (OCLC, RLIN)
Topical term or geographic name as entry element Sustainability
9 (RLIN) 6271
690 ## - LOCAL SUBJECT ADDED ENTRY--TOPICAL TERM (OCLC, RLIN)
Topical term or geographic name as entry element Refurbishment
9 (RLIN) 6264
942 ## - ADDED ENTRY ELEMENTS (KOHA)
Suppress in OPAC 0
Holdings
Withdrawn status Lost status Source of classification or shelving scheme Damaged status Not for loan Home library Current library Shelving location Date acquired Total Checkouts Full call number Barcode Date last seen Copy number Price effective from Koha item type
    Dewey Decimal Classification     London London Journal article 13/03/2015   L158474 158474-1001 06/08/2019 1 06/08/2019 Journal article